01406cam a2200361 a 4500003000500000005001700005008004100022010001000063011001000073020001500083035001000098040000900108082002200117111013400139245011100273260007900384300001100463490001400474590004100488590004100529590004100570590004200611650003600653650005400689710000900743830002100752901000700773905002300780942001000803949007200813999001700885952014200902CHAP20220817043716.0000922d1999 th r 10100 eng d a82337 a83309 a9748577791 a93820 cCHAP04a631.7063bI5 199800aInternational Information Techniques for Irrigation Systems Network Meetingn(5 :d1998 :cAurangabad, Maharashtra, India)95972610aModernization of irrigation system operations :bproceedingsc/by International Water Management Institute aBangkok, Thailand :bFAO. Regional Office for Asia and the Pacific,c1999. a262 p. 0aITISv; 5 aBATCH-UPDb10c20130110lUCH01h0452 aBATCH-UPDb10c20130410lUCH01h0129 aBATCH-UPDb10c20130914lUCH01h1355 aCONVERSIONb10c20130109lUCH01h134614aIrrigaciónxCongresos.96039014aIrrigaciónxInnovaciones tecnológicas.9604240 aFAO.00aITISv; 5960687 aBK aLilia Sánchez G. cLIBRO a631.7063 I5 1998bBCcLIBROd33724000807111eLIBROh98827i93820si c82337d82337 00102ddc4052708GRALaBCbBCcPP_GRALd2019-12-31fLIBROl0o631.7063 I5 1998p33724000807111r2019-12-31 00:00:00w2019-12-31yLIBRO